Gaming Quiz

Random Gaming Quiz

Ace Attorney Characters Quiz Stats

Quiz not verified by Sporcle

Also try: Mario Kart Racers
Challenge
Share
Tweet
Embed
Score 0/33 Timer 05:00
0 Plays Today
Description Character % Correct
Main antagonist. Also protagonist's childhood friend.Miles Edgeworth
99.6%
Protagonist of the first three games. Known for his famous 'Objection!'Phoenix Wright
99.4%
His mentor. Occasionally gives advice via the above character's body.Mia Fey
99.1%
His excitable spirit medium partner. Loves hamburgersMaya Fey
98.9%
Hapless detective. Usually works for the prosecutor, but tends to help you anyway.Dick Gumshoe
98.3%
Ruthless prosecutor. Known for his nearly perfect record.Manfred von Karma
98.1%
Protagonist of the fourth game. Known for his 'chords of steel.'Apollo Justice
96%
Mysterious coffee-addicted prosecutor.Godot
95.1%
His daughter. Is a child prodigy.Franziska von Karma
94.7%
Master spirit medium at the age of 8.Pearl Fey
94.7%
16-year-old forensic investigator.Ema Skye
92.8%
Old security guard. Is a huge fan of a certain samurai actor.Wendy Oldbag
92.3%
The previously mentioned police mascot.Blue Badger
91.7%
The protagonist and main antagonist's childhood friend.Larry Butz
91.3%
And her sister, the former Chief Prosecutor.Lana Skye
90.4%
Your partner in the fourth game. A magician who is best known for her 'magic panties.'Trucy Wright
90.2%
World famous for his rock band and his prosecuting skills.Klavier Gavin
87.2%
Description Character % Correct
Hot-headed photographer from the 'heartland.'Lotta Hart
87%
His mentor, who has certain... issues.Kristoph Gavin
85.3%
A frequent client in the games. Dubbed the 'Goddess of Misfortune.'Maggey Byrde
83.8%
Prosecutor known as the 'rookie killer.' Is the prosecutor for the first case in every game.Winston Payne
81.3%
An 'innocent' young woman. Has a fondness for poison.Dahlia Hawthorne
80.9%
Presides over most cases in the four games.The Judge
80.4%
Chief of police. Designed the police mascot.Damon Gant
79.6%
Furious loan shark. Polar opposite of the protagonist.Furio Tigre
77.2%
Perverted 'doctor' who knows everything about his female patients.Director Hotti
71.3%
Very excitable police officer/court bailiff.Mike Meekins
66.8%
Borginian singer and 'Landscape Painter in Sound'Lamiroir
65.1%
Veteran defense attorney. He loves the scent of fresh lemon.Marvin Grossberg
65.1%
Famous magician who has a knack for poker.Zak Gramarye
64.3%
Another famous magician who is framed for murder.Valant Gramarye
62.1%
Heir to a Yakuza family who thinks he is a 'gangsta.'Wocky Kitaki
58.9%
Former thief, would like you to PLEASE guess their name.Ron DeLite
57.2%

You're not logged in!

Compare scores with friends on all Sporcle quizzes.
Sign Up with Email
OR
Log In

You Might Also Like...

Show Comments

Extras

Top Quizzes Today


Score Distribution

Your Account Isn't Verified!

In order to create a playlist on Sporcle, you need to verify the email address you used during registration. Go to your Sporcle Settings to finish the process.